| 000 | 00571nam a2200169 a 4500 | ||
|---|---|---|---|
| 008 | 120416s1980 ||||||||||||||||| || u | ||
| 050 | _aHC 59.7 Myi | ||
| 100 | _aMyint, Hla | ||
| 245 | 1 | 0 | _aEconomics of the developing countries |
| 250 | _a5th ed. | ||
| 260 |
_aLondon _bHutchinson _c1980 |
||
| 300 | _a166p. | ||
| 350 | _a0.00 | ||
| 650 | 0 | _aECONOMICS | |
| 650 | 0 | _aECONOMIC DEVELOPMENT--AFRICA, SUB-SAHARAN | |
| 995 |
_D0.00 _FCBU-MAIN LIBRARY (Kitwe) _H1 _I0.00 _M1 _UAVAILABLE _ZMain Library Open Access Collection |
||
| 999 |
_c41057 _d41057 |
||